Protection and Industrial Policy in Europe. (Record no. 9070)

MARC details
000 -LEADER
fixed length control field 00540nam a2200205uu 4500
001 - CONTROL NUMBER
control field WIIW0000188
003 - CONTROL NUMBER IDENTIFIER
control field OSt
005 - DATE AND TIME OF LATEST TRANSACTION
control field 20250110145124.0
008 - FIXED-LENGTH DATA ELEMENTS--GENERAL INFORMATION
fixed length control field 250110t2020 xxk||||| ||||||0| | eng d
020 ## - INTERNATIONAL STANDARD BOOK NUMBER
International Standard Book Number 0-7102-0733-6
040 ## - CATALOGING SOURCE
Transcribing agency OSt
041 ## - LANGUAGE CODE
Language code of text/sound track or separate title eng
100 ## - MAIN ENTRY--PERSONAL NAME
Dates associated with a name John Pearce and John Sutton;
245 00 - TITLE STATEMENT
Title Protection and Industrial Policy in Europe.
260 ## - PUBLICATION, DISTRIBUTION, ETC.
Place of publication, distribution, etc. London, Boston and Henley;
Name of publisher, distributor, etc. Routledge and Kegan Paul,
Date of publication, distribution, etc. 1985.
300 ## - PHYSICAL DESCRIPTION
Extent 220 S. ;
Dimensions 21,5 cm.
650 ## - SUBJECT ADDED ENTRY--TOPICAL TERM
Topical term or geographic name entry element Industrial Policy
651 ## - SUBJECT ADDED ENTRY--GEOGRAPHIC NAME
Geographic name Europe
942 ## - ADDED ENTRY ELEMENTS (KOHA)
Koha item type Book
Source of classification or shelving scheme Other/Generic Classification Scheme
Holdings
Withdrawn status Lost status Source of classification or shelving scheme Damaged status Not for loan Home library Current library Date acquired Total Checkouts Full call number Date last seen Price effective from Koha item type
    Other/Generic Classification Scheme     WIIW WIIW 01/10/2025   7980 01/10/2025 01/10/2025 Book
The Vienna Instiute for International Economic Studies (wiiw)